La acción civil en el proceso penal colombiano (Record no. 77057)

MARC details
000 -LEADER
fixed length control field 00763nam a22002057a 4500
008 - FIXED-LENGTH DATA ELEMENTS--GENERAL INFORMATION
fixed length control field 140820t ck||||| |||| 00| 0 spa d
020 ## - INTERNATIONAL STANDARD BOOK NUMBER
International Standard Book Number 9789587106541
050 04 - LIBRARY OF CONGRESS CALL NUMBER
Classification number KHH5935
Item number G38 2011
100 1# - MAIN ENTRY--PERSONAL NAME
Personal name Gaviria Londoño, Vicente Emilio
245 13 - TITLE STATEMENT
Title La acción civil en el proceso penal colombiano
Statement of responsibility, etc / Vicente Emilio Gaviria Londoño
250 ## - EDITION STATEMENT
Edition statement 2a ed.
260 ## - PUBLICATION, DISTRIBUTION, ETC. (IMPRINT)
Place of publication, distribution, etc Bogotá :
Name of publisher, distributor, etc Universidad Externado de Colombia,
Date of publication, distribution, etc 2011
300 ## - PHYSICAL DESCRIPTION
Extent 311 p. :
Dimensions 24 cm.
504 ## - BIBLIOGRAPHY, ETC. NOTE
Bibliography, etc Bibliografía : p. 307-311
650 #7 - SUBJECT ADDED ENTRY--TOPICAL TERM
Source of heading or term Lemb
Topical term or geographic name as entry element Víctimas de crímenes
General subdivision Estado legal (Derecho)
Geographic subdivision Colombia
650 #7 - SUBJECT ADDED ENTRY--TOPICAL TERM
Source of heading or term Lemb
Topical term or geographic name as entry element Reparación (Derecho)
Geographic subdivision Colombia
650 #7 - SUBJECT ADDED ENTRY--TOPICAL TERM
Source of heading or term Lemb
Topical term or geographic name as entry element Administración de justicia penal
Geographic subdivision Colombia
650 #7 - SUBJECT ADDED ENTRY--TOPICAL TERM
Source of heading or term Lemb
Topical term or geographic name as entry element Procedimiento penal
Geographic subdivision Colombia
942 ## - ADDED ENTRY ELEMENTS (KOHA)
Source of classification or shelving scheme Biblioteca del Cogreso de los Estados Unidos
Koha item type Libro
Holdings
Estado de pérdida Fuente de clasificación Estado del daño No para préstamo Ubicación permanente Ubicación actual Apartado o colección Fecha de adquisición Fuente de adquisición Área del conocimiento Clasificación Código de Barras Date last seen Número de copia Tipo de recurso
  Biblioteca del Cogreso de los Estados Unidos     Biblioteca de la Facultad de Derecho-Anexo Revillagigedo Biblioteca de la Facultad de Derecho-Anexo Revillagigedo General 20/08/2014     KHH5935 G38 2011 FDAR000000073 16/01/2015 1 Libro
  Biblioteca del Cogreso de los Estados Unidos     Biblioteca de la Facultad de Derecho-Anexo Revillagigedo Biblioteca de la Facultad de Derecho-Anexo Revillagigedo General 20/08/2014     KHH5935 G38 2011 FDAR000000074 16/01/2015 2 Libro
  Biblioteca del Cogreso de los Estados Unidos     Biblioteca de la Facultad de Derecho-Anexo Revillagigedo Biblioteca de la Facultad de Derecho-Anexo Revillagigedo General 20/08/2014     KHH5935 G38 2011 FDAR000000075 16/01/2015 3 Libro
  Biblioteca del Cogreso de los Estados Unidos     Biblioteca de la Facultad de Derecho-Anexo Revillagigedo Biblioteca de la Facultad de Derecho-Anexo Revillagigedo General 20/08/2014     KHH5935 G38 2011 FDAR000000076 16/01/2015 4 Libro